• 首页
  • 本馆介绍
  • 公告通知
  • 最新文献
  • 馆藏检索
  • 电子资源
  • 读者导购
  • 参考咨询
  • 我的图书馆
  • 登录
  • 详细信息显示
  • 放入我的书架
  • 预约/预借图书
  • 作者相关作品
  • 分类相关作品
  • 丛书相关作品
  • 出版社相关作品

书目信息

  • 表格格式
  • 工作单格式
  • 卡片格式
书名: Applied geomorphology
作者: H. Th. Verstappen
分册号:
分册名:
出版地: Amsterdam ;
 
出版社: Elsevier
出版时间: 1983.
页数: xi, 437 p. :
开本: 31 cm.
丛书名:
中图分类号:
科图分类号:
其他分类号: P931.91
主题词:
电子资源:
000 01058nam 2200265 a 4500
001 E0757252667
005 20070226155428.62
008 00110 eng
008 uu
010    @a83001663
020    @a0444421815 (Elsevier Science Pub. Co.) :@cfl 180.00 (Netherlands : est.).
049    @aN5LA
050 0  @aGB401.5 @b.V47 1983
082 0  @a551.4 @219
090    @a2-85/P931.91/V56//////////////*977351/-52/ 2cop.
090    @aP931.91
096    @aP931.91 @v2
099    @dP931.91@ex1
100 10 @aVerstappen, H. Theodoor @q(Herman Theodoor)
245 10 @aApplied geomorphology :@bgeomorphological surveys for environmental development / @cH. Th. Verstappen
260 0  @aAmsterdam ;@aNew York :@bElsevier :@bDistributors for the U.S. and Canada, Elsevier Science Pub. Co.,@c1983.
300    @axi, 437 p. :@bill. ;@c31 cm.
504    @aIncludes bibliographies and index.
650  0 @aGeomorphology. @b00 @c20020930 @lNLC09 @h2248 @b00 @c20021212 @lNLC09 @h1410 @lNLC09 @h2327 @lNLC09 @h1918
852 9  @bWWJC @cJ08N @k2-85 @hP931.91 @iV56
    
    Applied geomorphology : : geomorphological surveys for environmental development / / H. Th. Verstappen.-Amsterdam ; ; New York : : Elsevier : : Distributors for the U.S. and Canada, Elsevier Science Pub. Co., , 1983.
    xi, 437 p. : : ill. ; ; 31 cm.
    Includes bibliographies and index.
    
    ISBN 0444421815 (Elsevier Science Pub. Co.) :fl 180.00 (Netherlands : est.).
    
●
相关链接 在E读中查询图书 在五车中查询图书 在当当中查询图书 在豆瓣中查询图书


正题名:Applied geomorphology     索取号:P931.91/x1         预约/预借

序号 登录号 条形码 馆藏地/架位号 状态 备注
1 182035   000634022   第二样本阅览室/ [索取号:P931.91/x1] 在馆    
2 182036   000634031   第四借阅区/ [索取号:P931.91/x1] 在馆    
唐山师范学院图书馆 欢迎您!
大连网信软件有限公司© 版权所有